000 00797nam a22002417a 4500
008 150617b xxu||||| |||| 00| 0 eng d
020 _a9781783265428
041 0 _aeng
080 _a658
100 1 _aHuizenga, Edward.
245 1 4 _aThe knowledge enterprise :
_cEdward Huizenga, Benthurst & Co, Amsterdam Business School University of Amsterdam, The Netherlands.
250 _aSecond edition.
260 _aUSA:
_bWorld Scientific;
_c2014.
300 _a247 f.:
_c24 cm.
490 0 _aSeries on technology management ;
_vvolume 24
500 _aPreface: f.v-viii
505 _aIndex: f.245-247
650 0 _aMenaxhimi i dijes
650 0 _aBiznes Plani
650 0 _aKonkurenca
650 0 _aTeknologjia e informacionit
942 _2udc
_cBK
999 _c1050
_d1050